<?xml version="1.0" encoding="UTF-8"?>
<collection xmlns="http://www.loc.gov/MARC21/slim">
 <record>
  <leader>00441pamaa2200169   4500</leader>
  <controlfield tag="001">0000012243</controlfield>
  <controlfield tag="005">20100721090000.0</controlfield>
  <datafield tag="020" ind1="0" ind2="0">
   <subfield code="a">0673997529 </subfield>
  </datafield>
  <datafield tag="082" ind1=" " ind2=" ">
   <subfield code="a">692 MOF 1998</subfield>
  </datafield>
  <datafield tag="090" ind1="0" ind2="0">
   <subfield code="a">TA545 </subfield>
   <subfield code="b">MOF 1998</subfield>
  </datafield>
  <datafield tag="100" ind1="1" ind2="0">
   <subfield code="a">MOFFITT </subfield>
  </datafield>
  <datafield tag="245" ind1="1" ind2="0">
   <subfield code="a">Surveying  </subfield>
   <subfield code="c">Francis H. Moffitt and John D. Bossler.</subfield>
  </datafield>
  <datafield tag="250" ind1="0" ind2="0">
   <subfield code="a">10th ed..</subfield>
  </datafield>
  <datafield tag="260" ind1="0" ind2="0">
   <subfield code="a">California: </subfield>
   <subfield code="b">Addison Wesley, </subfield>
   <subfield code="c">1998.</subfield>
  </datafield>
  <datafield tag="300" ind1=" " ind2=" ">
   <subfield code="a">xiv, 738p.: </subfield>
   <subfield code="b">25cm.</subfield>
  </datafield>
  <datafield tag="650" ind1="0" ind2="0">
   <subfield code="a">Surveying </subfield>
  </datafield>
  <datafield tag="700" ind1="1" ind2="1">
   <subfield code="a">BOSSLER, </subfield>
   <subfield code="h">John D. </subfield>
  </datafield>
 </record>
</collection>
